000
00260nam a2200085Ia 4500
008
220120s9999||||xx |||||||||||||| ||und||
100
_a
Smitha A.S and Usha, V.V
_9
12194
245
0
_a
Autonomous metro train
260
_a
Coorg Institute of Technology
_b
Ponnampet
_c
2009
999
_c
137780
_d
137780